| 000 | 00475nam a2200181 a 4500 | ||
|---|---|---|---|
| 020 | _a0697138070 (pbk.) | ||
| 020 | _a0697138062 (hard) | ||
| 040 | _cDLC | ||
| 082 | 0 | 0 | _a550 BRO 1993 A027 Or. |
| 100 | 1 | _aPlummer, Charles C., | |
| 245 | 1 | 0 | _aPhysical geology / |
| 250 | _a6th ed. | ||
| 260 |
_aDubuque, Iowa : _bWm. C. Brown, _cc1993. |
||
| 300 |
_axiv, 537 p. : _bill. (some col.) ; _c28 cm. |
||
| 650 | 0 | _aPhysical geology. | |
| 700 | 1 | _aMcGeary, David. | |
| 942 | _cEK | ||
| 999 |
_c12982 _d12982 |
||